| 000 | 00909nam a22002417a 4500 | ||
|---|---|---|---|
| 005 | 20120503124838.0 | ||
| 008 | 120503t xxu||||| |||| 00| 0 eng d | ||
| 010 | _aENG-105196 | ||
| 020 |
_a9780071333283 _c199.00 |
||
| 020 |
_a0071333282 _c199.00 |
||
| 035 | _aEN-88729 | ||
| 037 | _bDBAD/PUB | ||
| 040 |
_aDPL _bEng |
||
| 082 | _a488.0071054 | ||
| 100 |
_aDhanavel, S.P. _946294 |
||
| 245 |
_aEnglish language teaching in India : _cby S.P. Dhanavel _bthe shifting paradigms / |
||
| 260 |
_aNew Delhi _bTata McGraw Hill Education _c2012 |
||
| 270 |
_a7, West Patel Nagar _bNew Delhi _e110008 |
||
| 300 |
_aviii,137 _c22cm(pbk) |
||
| 500 | _aIncludes bibliographical references and index | ||
| 942 |
_2ddc _cEN _mDHA _h488.0071054 |
||
| 999 |
_c66072 _d66072 |
||